Vývoj výmenných relácií a reálnej konvergencie v podmienkach SR

Úloha výmenných relácií ako dôležitého aspektu reálnej konvergencie. Negatívny trend vývoja výmenných relácií v podmienkach SR. Vývoj výmenných relácií v krajinách V4. Ukazovatele reálneho dôchodku - reálny efekt výmenných relácií. Závislosť hrubého domáceho produktu na exporte v SR. Posilňovanie vý...

Ausführliche Beschreibung

Gespeichert in:
Bibliographische Detailangaben
1. Verfasser: Trnovský, Karol, 1983-
Format: Buchkapitel
Sprache:Slowakisch
Schlagworte:
Tags: Tag hinzufügen
Keine Tags, Fügen Sie das erste Tag hinzu!

MARC

LEADER 00000nla$a2200000$$$4500
001 0083819
005 20240502071936.8
041 0 |a slo 
044 |a SK 
245 1 0 |a Vývoj výmenných relácií a reálnej konvergencie v podmienkach SR  |c Karol Trnovský 
520 |a Úloha výmenných relácií ako dôležitého aspektu reálnej konvergencie. Negatívny trend vývoja výmenných relácií v podmienkach SR. Vývoj výmenných relácií v krajinách V4. Ukazovatele reálneho dôchodku - reálny efekt výmenných relácií. Závislosť hrubého domáceho produktu na exporte v SR. Posilňovanie výmenného kurzu koruny a zahraničný obchod SR. Obchodná strata z výmenných relácií, obchodná bilancia, dynamika vývozu a dovozu. 
610 2 0 |a obchod zahraničný 
610 2 0 |a dovoz 
610 2 0 |a vývoz 
610 2 0 |a relácie výmenné reálne 
610 2 0 |a konvergencia 
610 2 0 |a bilancia obchodná 
610 2 0 |a strata 
610 2 0 |a dôchodok národný 
610 2 0 |a Slovensko 
610 2 0 |a Vyšehradská štvorka 
100 1 |a Trnovský, Karol, 1983-